Detalles MARC
| 000 -LÍDER |
| Campo fijo de descripción fija |
01398aam a2200349 i 4500 |
| 001 - NÚMERO DE CONTROL |
| Campo de control |
768714001 |
| 003 - IDENTIFICADOR DEL NÚMERO DE CONTROL |
| Campo de control |
CO-MdFUSB |
| 005 - FECHA Y HORA DE LA ULTIMA TRANSACCIÓN |
| control field |
20201023182145.0 |
| 007 - CAMPO FIJO DE DESCRIPCIÓN FIJA--INFORMACIÓN GENERAL |
| Campo fijo de descripción fija |
ta |
| 008 - ELEMENTOS DE LONGITUD FIJA -- INFORMACIÓN GENERAL |
| Campo fijo de descripción fija -- Información general |
200515s1988 enk |||| |||| 00| 0 eng d |
| 020 ## - NÚMERO INTERNACIONAL NORMALIZADO PARA LIBROS |
| Número Internacional Normalizado del libro |
0028960416 |
| 040 ## - FUENTE DE CATALOGACIÓN |
| Idioma de catalogación |
spa. |
| Agencia de catalogación original |
CO-MdFUSB |
| Agencia que realiza la transcripción |
CO-MdFUSB |
| Agencia que realiza la modificación |
CO-MdFUSBC |
| Convenciones de la descripción |
rda |
| 041 ## - CÓDIGO DE IDIOMA |
| Código de idioma para texto/pista de sonido o título separado |
eng |
| 082 ## - NÚMERO DE CLASIFICACIÓN DECIMAL DEWEY |
| Número de la edición del Dewey |
23 |
| Número de clasificación |
201.3 |
| Clave de autor-Numero de item |
O33 |
| 100 1# - ASIENTO PRINCIPAL--NOMBRE PERSONAL |
| Nombre personal |
O'Flaherty, Wendy Doniger |
| Término relacionador |
autor |
| 245 10 - TÍTULO |
| Título del Material |
Other peoples' myths : |
| Parte restante del título - Subtitulo |
the cave of echoes |
| Mención de responsabilidad, etc. |
/ Wendy Doniger O'Flaherty |
| 264 #1 - PRODUCCIÓN, PUBLICACIÓN, DISTRIBUCIÓN, MANUFACTURA, Y COPYRIGHT |
| Lugar de producción, publicación, distribución, manufactura |
Nueva York : |
| Nombre del productor, publicador, distribuidor |
Macmillan Publishing, |
| Fecha de producción, publicación, distribución, manufactura, o copyright |
[1988] |
| 264 #4 - PRODUCCIÓN, PUBLICACIÓN, DISTRIBUCIÓN, MANUFACTURA, Y COPYRIGHT |
| Fecha de producción, publicación, distribución, manufactura, o copyright |
© 1988 |
| 300 ## - DESCRIPCIÓN FÍSICA |
| Extensión |
225 páginas |
| Dimensiones |
; 25 cm |
| 336 ## - TIPO DE CONTENIDO |
| Término de tipo de contenido |
texto |
| Código de tipo de contenido |
txt |
| Fuente |
rdacontent |
| 337 ## - TIPO DE MEDIO |
| Fuente |
rdamedia |
| Nombre del tipo de medio |
sin mediación |
| Código del tipo de medio |
n |
| 338 ## - TIPO DE SOPORTE |
| Fuente |
rdacarrier |
| Nombre del tipo de soporte |
volumen |
| Código Tipo de soporte |
nc |
| 490 ## - MENCIÓN DE SERIE |
| Mención de serie |
Mircea Eliade lectures in the history of religions. |
| 505 ## - NOTA DE CONTENIDO |
| Nota de contenido con formato preestablecido |
Los mitos de otros eruditos: El cazador y el sabio - Las mentiras de otras personas: La cueva de los ecos - Los clásicos de otras personas: Volver a contar el Mahabharata - Otras personas como animales: Rudra, señor de las bestias de sacrificio - Los rituales de otras personas: Daksha, Penteo y Jesús - Los mitos de otras personas: El lugar en el bosque - Las vidas de otras personas: El rabino de Cracovia |
| 563 ## - NOTA DE ENCUADERNACIÓN |
| Nota de encuadernación |
Pasta dura |
| 650 #7 - ASIENTO SECUNDARIO DE MATERIA - TERMINO TEMÁTICO |
| 9 (RLIN) |
385 |
| Término temático o nombre geográfico como elemento de entrada |
Religión |
| 650 #0 - ASIENTO SECUNDARIO DE MATERIA - TERMINO TEMÁTICO |
| 9 (RLIN) |
938 |
| Término temático o nombre geográfico como elemento de entrada |
Dioses |
| 653 ## - TÉRMINO DE INDIZACIÓN - NO CONTROLADO |
| Término no controlado |
Mitos |
| 942 ## - TIPO DE MATERIAL (KOHA) |
| Tipo de Item KOHA |
Libros General |
| 945 ## - INFORMACIÓN LOCAL DEL REGISTRO |
| Catalogador |
JTF-925 |